<?xml version="1.0" encoding="UTF-8"?>
<collection xmlns="http://www.loc.gov/MARC21/slim">
<record>
  <controlfield tag="001">109193</controlfield>
  <controlfield tag="005">20220104094559.0</controlfield>
  <datafield tag="037" ind1=" " ind2=" ">
    <subfield code="a">TAZ-TFM-2021-1242</subfield>
  </datafield>
  <datafield tag="041" ind1=" " ind2=" ">
    <subfield code="a">spa</subfield>
  </datafield>
  <datafield tag="100" ind1="1" ind2=" ">
    <subfield code="a">Yrache Jiménez, María Pilar</subfield>
  </datafield>
  <datafield tag="242" ind1="0" ind2="0">
    <subfield code="a">Representations of "modern women" through the Estpampa magazine from 1928 to 1931.</subfield>
  </datafield>
  <datafield tag="245" ind1="0" ind2="0">
    <subfield code="a">Representaciones de la “mujer moderna” a través de la revista Estampa, de 1928 a 1931.</subfield>
  </datafield>
  <datafield tag="260" ind1=" " ind2=" ">
    <subfield code="a">Zaragoza</subfield>
    <subfield code="b">Universidad de Zaragoza</subfield>
    <subfield code="c">2021</subfield>
  </datafield>
  <datafield tag="506" ind1=" " ind2=" ">
    <subfield code="a">by-nc-sa</subfield>
    <subfield code="b">Creative Commons</subfield>
    <subfield code="c">3.0</subfield>
    <subfield code="u">http://creativecommons.org/licenses/by-nc-sa/3.0/</subfield>
  </datafield>
  <datafield tag="520" ind1=" " ind2=" ">
    <subfield code="a">Investigación sobre la representación de género de la "mujer moderna" en la prensa gráfica española utilizando como fuente la revista Estampa. En este trabajo se pretende valorar y analizar con perspectiva de género la presencia de las mujeres en la revista entre los años 1928 y 1931. La elección de este periodo está motivada por un intento de conocer e investigar cómo se reflejan en la prensa  especialmente en las revistas gráficas, las representaciones de género de la denominada"mujer moderna". El trabajo va encaminado también a valorar con perspectiva crítica la aparición de la mujer en el espacio público, el trabajo, los estudios y las actividades de ocio y deporte que se recogen en un gran número de páginas en esta publicación. Basándome en los comentarios, la preguntas y las respuestas de periodistas y entrevistados, así como los pies de fotos y la selección de imágenes, pretendo valorar hasta qué punto estas presencias, actitudes y nuevas formas de visualización de las mujeres suponen un desafío al orden de género y a la normatividad vigente en el final de los años veinte en nuestro país. &lt;br />&lt;br /></subfield>
  </datafield>
  <datafield tag="521" ind1=" " ind2=" ">
    <subfield code="a">Máster Universitario en Historia Contemporánea</subfield>
  </datafield>
  <datafield tag="540" ind1=" " ind2=" ">
    <subfield code="a">Derechos regulados por licencia Creative Commons</subfield>
  </datafield>
  <datafield tag="700" ind1=" " ind2=" ">
    <subfield code="a">Cenarro Lagunas, Angela </subfield>
    <subfield code="e">dir.</subfield>
  </datafield>
  <datafield tag="710" ind1="2" ind2=" ">
    <subfield code="a">Universidad de Zaragoza</subfield>
    <subfield code="b">Historia Moderna y Contemporánea</subfield>
    <subfield code="c">Historia Contemporánea</subfield>
  </datafield>
  <datafield tag="856" ind1="0" ind2=" ">
    <subfield code="f">383893@unizar.es</subfield>
  </datafield>
  <datafield tag="856" ind1="4" ind2=" ">
    <subfield code="s">5715539</subfield>
    <subfield code="u">http://zaguan.unizar.es/record/109193/files/TAZ-TFM-2021-1242.pdf</subfield>
    <subfield code="y">Memoria (spa)</subfield>
  </datafield>
  <datafield tag="909" ind1="C" ind2="O">
    <subfield code="o">oai:zaguan.unizar.es:109193</subfield>
    <subfield code="p">driver</subfield>
    <subfield code="p">trabajos-fin-master</subfield>
  </datafield>
  <datafield tag="950" ind1=" " ind2=" ">
    <subfield code="a"></subfield>
  </datafield>
  <datafield tag="980" ind1=" " ind2=" ">
    <subfield code="a">TAZ</subfield>
    <subfield code="b">TFM</subfield>
    <subfield code="c">FFYL</subfield>
  </datafield>
  <datafield tag="999" ind1=" " ind2=" ">
    <subfield code="a">20211109202318.CREATION_DATE</subfield>
  </datafield>
  <datafield tag="951" ind1=" " ind2=" ">
    <subfield code="a">deposita:2022-01-04</subfield>
  </datafield>
</record>
</collection>